Diferencia entre los sistemas de filosofía de Fichte y Schelling
Spremljeno u:
| Glavni autor: | |
|---|---|
| Format: | Knjiga |
| Jezik: | španjolski |
| Izdano: |
Madrid
Tecnos S. A
1990
|
| Izdanje: | 1a. ed |
| Serija: | Clásicos del Pensamiento, 71
|
| Teme: | |
| Oznake: |
Dodaj oznaku
Bez oznaka, Budi prvi tko označuje ovaj zapis!
|
MARC
| LEADER | 00000cam a2200000 a 4500 | ||
|---|---|---|---|
| 001 | UCE8869 | ||
| 003 | CL-VaPUC | ||
| 008 | 150911e19900000sp |||||||||||||||||spa|d | ||
| 020 | |a 843091837X | ||
| 082 | 0 | 4 | |a 193 |b HEG |2 21 |
| 100 | |a Hegel, Georg Wilhelm Friedrich |e autor |9 580639 | ||
| 245 | 1 | 0 | |a Diferencia entre los sistemas de filosofía de Fichte y Schelling |
| 250 | |a 1a. ed | ||
| 300 | |a 170 p | ||
| 942 | |c BK | ||
| 945 | |d 20150911 12:29:00 |a dcastane | ||
| 260 | |a Madrid |b Tecnos S. A |c 1990 | ||
| 650 | 0 | |a Filosofía alemana |9 265002 | |
| 650 | 0 | |a Fenomenología |9 256519 | |
| 583 | |a last modification |c 20150911 12:29:00 |k Rodrigo Vera | ||
| 490 | 0 | |a Clásicos del Pensamiento, 71 | |
| 999 | |c 360632 |d 360630 | ||
| 952 | |0 0 |1 0 |3 erb |4 0 |6 193_000000000000000_HEG_1990 |7 0 |8 A |9 470516 |a BIBEDU |b BIBEDU |i 5197414 |o 193 HEG 1990 |p 5197414 |r 2022-09-08 |w 2019-11-23 |y BK |z Catalogado en:20150911 |k FIL | ||